Νεοελληνική καλολογία
Αποθηκεύτηκε σε:
| Κύριος συγγραφέας: | |
|---|---|
| Μορφή: | Βιβλίο |
| Γλώσσα: | Greek |
| Δημοσίευση: |
Αθήναι :
1952
|
| Σειρά: | Μεσαιωνική και νεοελληνική βιβλιοθήκη ;
; 3 |
| Θέματα: | |
| Ετικέτες: |
Προσθήκη ετικέτας
Δεν υπάρχουν, Καταχωρήστε ετικέτα πρώτοι!
|
MARC
| LEADER | 00000cam a2200000 i 4500 | ||
|---|---|---|---|
| 001 | 1/92998 | ||
| 008 | 080902s1952 gre d | ||
| 035 | |l 10099831 | ||
| 040 | |a GR-MY-UA |b gre |e aacr | ||
| 041 | 0 | |a gre | |
| 082 | 0 | |a 489.3 |2 (22) | |
| 100 | 1 | |a Παπανικολάου, Κώστας Ιω. | |
| 245 | 1 | 0 | |a Νεοελληνική καλολογία / |c Κωστ. Ιω. Παπανικολάου |
| 260 | |a Αθήναι : |c 1952 | ||
| 300 | |a 495 σ.; |c 21 εκ. | ||
| 490 | 1 | |a Μεσαιωνική και νεοελληνική βιβλιοθήκη |v ; 3 | |
| 504 | |a Βιβλιογραφία: σ. [489]-492 | ||
| 650 | 0 | 0 | |a Greek language, Modern |x Morphology. |
| 650 | 0 | 0 | |a Greek language, Modern |x Phonetics. |
| 650 | 0 | 0 | |a Greek language, Modern |x Written Greek. |
| 650 | 0 | 0 | |a Greek language, Modern |x Spoken greek. |
| 650 | 0 | 0 | |a Greek literature, Modern. |
| 650 | 0 | 0 | |a Greek poetry, Modern. |
| 830 | 0 | |a Μεσαιωνική και νεοελληνική βιβλιοθήκη ; |v ; 3 | |
| 852 | |a INST |b RHODES |c AKA |e 20080902 |h 489.3 ΠΑΠ |p 005400028735 |q 005400028735 |t BK |y 0 | ||
| 901 | |a BIBL4-2008-3 | ||
| 909 | |a Ρ |b 152853 | ||
| 970 | |a ΧΑΡΙΟΠΟΛΙΤΟΥ |b ΚΩΝΣΤΑΝΤΙΝΑ |z 2008/09/02 | ||